| 000 | 00345nam a2200133Ia 4500 | ||
|---|---|---|---|
| 008 | 220204s9999 xx 000 0 und d | ||
| 020 | _a1904842046 | ||
| 082 |
_a057.086 _bSTE |
||
| 100 | _aStephens, D | ||
| 245 | 0 | _aCell imaging | |
| 260 |
_aOxford _bScion Publishing _c2006 |
||
| 490 | _aExpress Series Edited by B. David James | ||
| 942 | _cBK | ||
| 999 |
_c43209 _d43209 |
||